书目信息 |
| 题名: |
精彩高尔夫
|
|
| 作者: | 裴勇 著 | |
| 分册: | ||
| 出版信息: | 北京 人民体育出版社 2005 |
|
| 页数: | 289页 | |
| 开本: | 25cm | |
| 丛书名: | ||
| 单 册: | ||
| 中图分类: | G849.3 | |
| 科图分类: | ||
| 主题词: | 高尔夫球运动--基本知识 , 高尔夫球运动 | |
| 电子资源: | ||
| ISBN: | 978-7-5009-2807-2 | |
| 000 | 00813nam0 2200241 45 | |
| 001 | 1130680437 | |
| 005 | 20110310094610.00 | |
| 010 | @a978-7-5009-2807-2@dCNY50.00 | |
| 100 | @a20110122e20082005em y0chiy0110 ea | |
| 101 | 0 | @achi@eeng |
| 102 | @aCN@b110000 | |
| 105 | @aa z 000yy | |
| 106 | @ar | |
| 200 | 1 | @a精彩高尔夫@AJing Cai Gao Er Fu@e绝妙点拨 突破90杆@EJue Miao Dian Bo Tu Po 90 Gan@f(韩)裴勇著@F( Han ) Pei Yong Zhu |
| 210 | @a北京@c人民体育出版社@d2005@h2008 | |
| 215 | @a289页@c图@d25cm | |
| 330 | @a本书分五章,介绍了什么是高尔夫、挥杆的六个原则、挥杆动作、各种球杆的挥杆方法和高尔夫技术等知识。 | |
| 606 | 0 | @a高尔夫球运动@x基本知识 |
| 606 | 0 | @a高尔夫球运动 |
| 690 | @aG849.3@v4 | |
| 701 | 0 | @a裴勇@APei Yong@4著 |
| 801 | 0 | @aCN@bTANGWEI@c20110310 |
| 905 | @b0531192-96@dG849.3@e352@f5 | |
| 精彩高尔夫:绝妙点拨 突破90杆/(韩)裴勇著.-北京:人民体育出版社,2005(2008) |
| 289页:图;25cm |
| ISBN 978-7-5009-2807-2:CNY50.00 |
| 本书分五章,介绍了什么是高尔夫、挥杆的六个原则、挥杆动作、各种球杆的挥杆方法和高尔夫技术等知识。 |
| ● |
| 相关链接 |
|
|
|
|
正题名:精彩高尔夫
索取号:G849.3/352
 
预约/预借
| 序号 | 登录号 | 条形码 | 馆藏地/架位号 | 状态 | 备注 |
| 1 | 0531192 | 205311928 | 第一样本阅览室/ [索取号:G849.3/352] | 在馆 | |
| 2 | 0531193 | 205311937 | 第四借阅区/ [索取号:G849.3/352] | 在馆 | |
| 3 | 0531194 | 205311946 | 第四借阅区/ [索取号:G849.3/352] | 在馆 | |
| 4 | 0531195 | 205311955 | 密集书库-体育系/ [索取号:G849.3/352] | 在馆 | |
| 5 | 0531196 | 205311964 | 第四借阅区/ [索取号:G849.3/352] | 在馆 |